Geostatistics for estimating fish abundance

Kaydedildi:
Detaylı Bibliyografya
Yazar: Rivoirard, J.
Materyal Türü: Kitap
Dil:Undetermined
Baskı/Yayın Bilgisi: Oxford Blackwell Science 2000
Konular:
Etiketler: Etiketle
Etiket eklenmemiş, İlk siz ekleyin!
Thư viện lưu trữ: Trung tâm Học liệu Trường Đại học Cần Thơ
LEADER 00560nam a2200205Ia 4500
001 CTU_69192
008 210402s9999 xx 000 0 und d
020 |b 56 
082 |a 333.95 
082 |b R626 
100 |a Rivoirard, J. 
245 0 |a Geostatistics for estimating fish abundance 
245 0 |c J. Rivoirard 
260 |a Oxford 
260 |b Blackwell Science 
260 |c 2000 
650 |a Fish stock assessment,Geology 
650 |x Statistical methods 
904 |i Trúc Phương 
980 |a Trung tâm Học liệu Trường Đại học Cần Thơ